Central Library OPAC University of Rajshahi

Select modern governments : (Record no. 47065)

MARC details
000 -LEADER
fixed length control field 00858nam a2200241 a 4500
001 - CONTROL NUMBER
control field 47065
003 - CONTROL NUMBER IDENTIFIER
rucl marc code BD-RjUL
005 - DATE AND TIME OF LATEST TRANSACTION
control field 20211209054244.0
008 - FIXED-LENGTH DATA ELEMENTS--GENERAL INFORMATION
fixed length control field 160807s1972 ii b 001 0 eng
035 ## - SYSTEM CONTROL NUMBER
System control number (BD-RjUL)47184
040 ## - CATALOGING SOURCE
Original cataloging agency DLC
Transcribing agency DLC
Modifying agency DLC
-- BD-RjUL
Language of cataloging eng
041 ## - LANGUAGE CODE
Language code of text/sound track or separate title eng
082 ## - DEWEY DECIMAL CLASSIFICATION NUMBER
Edition number 23
Author mark and year MAS 1972
Classification number 342.02
100 10 - MAIN ENTRY--PERSONAL NAME
Personal name Mahajan, Vidya Dhar.
9 (RLIN) 118142
245 10 - TITLE STATEMENT
Title Select modern governments :
Remainder of title including the Constitutions of England, U.S.A., Switzerland, U.S.S.R., Canada, Red China, Pakistan, France, Australia, Union of South Africa, Irish Free State, Japan, Burma, Ceylon, and India. /
250 ## - EDITION STATEMENT
Edition statement 8th ed., thoroughly rev. and enl.
260 ## - PUBLICATION, DISTRIBUTION, ETC. (IMPRINT)
Place of publication, distribution, etc. Delhi :
Name of publisher, distributor, etc. S. Chand,
Date of publication, distribution, etc. 1972
300 ## - PHYSICAL DESCRIPTION
Pagination xvi, 330 p.
Size 22 cm.
500 ## - GENERAL NOTE
General note Includes index
650 #0 - SUBJECT ADDED ENTRY--TOPICAL TERM
Topical term or geographic name as entry element Comparative government.
9 (RLIN) 143347
942 ## - ADDED ENTRY ELEMENTS (KOHA)
Source of classification or shelving scheme Dewey Decimal Classification
Koha item type Books
Holdings
Lost status Source of classification or shelving scheme Damaged status Not for loan Collection code Permanent Location Current Location Shelving location Date acquired Source of acquisition Cost, normal purchase price Total Checkouts Full call number Date last seen Date checked out Copy number Koha item type
  Dewey Decimal Classification     Non-fiction Central Library, University of Rajshahi Central Library, University of Rajshahi   31/01/1962 A. I. Qurishi 3.60 9 342.02 MAS 1972 17/04/2024 25/03/2024 C-2 Books